| 000 | 00782cam a22002533a 4500 | ||
|---|---|---|---|
| 001 | 17813 | ||
| 003 | PGUSA | ||
| 005 | 20140828083359.0 | ||
| 008 | 060221s2006||||xxu|||||s|||||000 | eng d | ||
| 040 |
_aPGUSA _beng |
||
| 042 | _adc | ||
| 050 | 4 | _aD501 | |
| 100 | 1 |
_aFloyd, Thomas Hope, _d1896-1973 |
|
| 245 | 1 | 0 |
_aAt Ypres with Best-Dunkley _h[electronic resource] / _cThomas Hope Floyd |
| 260 |
_bProject Gutenberg, _c2006 |
||
| 506 | _aPublic domain in the USA. | ||
| 516 | _aElectronic text | ||
| 653 | _aYpres, 3rd Battle of, Ieper, Belgium, 1917 | ||
| 653 | _aBest-Dunkley, Bertram, 1890-1917 | ||
| 653 | _aWorld War, 1914-1918 -- Personal narratives, British | ||
| 830 | 0 |
_aProject Gutenberg _v17813 |
|
| 856 | 4 | 0 | _uhttp://www.gutenberg.org/ebooks/17813 |
| 942 | _cEB | ||
| 999 |
_c247068 _d247068 |
||